
Library Catalogue

| 000 -LEADER | |
|---|---|
| fixed length control field | 01053nam a2200217Ia 4500 |
| 003 - CONTROL NUMBER IDENTIFIER | |
| control field | OSt |
| 005 - DATE AND TIME OF LATEST TRANSACTION | |
| control field | 20210624124353.0 |
| 008 - FIXED-LENGTH DATA ELEMENTS--GENERAL INFORMATION | |
| fixed length control field | 160316s2013 xxu||||| |||| 00| 0 eng d |
| 020 ## - INTERNATIONAL STANDARD BOOK NUMBER | |
| International Standard Book Number | 9781107011083 |
| 040 ## - CATALOGING SOURCE | |
| Transcribing agency | n |
| 082 ## - DEWEY DECIMAL CLASSIFICATION NUMBER | |
| Classification number | 343.099450 |
| Item number | DIN |
| 100 ## - MAIN ENTRY--PERSONAL NAME | |
| Personal name | Dinniss Heather Harrison |
| 245 ## - TITLE STATEMENT | |
| Title | Cyber warfare and the laws of war |
| 260 ## - PUBLICATION, DISTRIBUTION, ETC. | |
| Place of publication, distribution, etc. | Cambridge |
| Name of publisher, distributor, etc. | Cambridge University Press |
| Date of publication, distribution, etc. | 2013 |
| 300 ## - PHYSICAL DESCRIPTION | |
| Extent | 331p |
| Dimensions | xvi |
| 365 ## - TRADE PRICE | |
| Price amount | Rs. 5,720 |
| 505 ## - FORMATTED CONTENTS NOTE | |
| Formatted contents note | Table of contents<br/>1. The world in which we live and fight; <br/>2. Computer network attacks as a use of force in international law; <br/>3. Armed attack and response in the digital age; <br/>4. The applicability of the laws of armed conflict to computer network attacks; <br/>5. Participants in conflict: combatant status, direct participation and computer network attack; <br/>6. Targeting and precautions in attack; <br/>7. Measures of special protection; <br/>8. Means and methods of warfare. |
| 650 ## - SUBJECT ADDED ENTRY--TOPICAL TERM | |
| Topical term or geographic name entry element | 1. Cyberterrorism 2. Information Warfare - International 3. War |
| 700 ## - ADDED ENTRY--PERSONAL NAME | |
| Personal name | |
| -- | |
| 942 ## - ADDED ENTRY ELEMENTS (KOHA) | |
| Source of classification or shelving scheme | Dewey Decimal Classification |
| Koha item type | BOOKs |
| Withdrawn status | Lost status | Damaged status | Not for loan | Home library | Current library | Shelving location | Date acquired | Cost, normal purchase price | Total Checkouts | Full call number | Barcode | Date last seen | Price effective from | Koha item type |
|---|---|---|---|---|---|---|---|---|---|---|---|---|---|---|
| . | . | 30.05.2017 | 5720.00 | 343.09945 DIN | 30467 | 30.05.2017 | 30.05.2017 | BOOKs |